| 000 | 00782na a2200229 4500 | ||
|---|---|---|---|
| 001 | 23577 | ||
| 003 | MIRAKIL | ||
| 005 | 20181213155321.0 | ||
| 008 | 180109b tu 000 0 | ||
| 020 | _a9757307076 | ||
| 040 |
_aMilas _btur _cTR-AnCHP |
||
| 041 | _atur | ||
| 082 |
_a915.843 _bK46 1995 |
||
| 090 | _a915.843 K46 1995 | ||
| 110 | _aTürkiye İşbirliği ve Kalkınma Ajansı (TİKA) | ||
| 245 |
_aKırgızistan ülke raporu _cTürkiye İşbirliği ve Kalkınma Ajansı (TİKA) |
||
| 260 |
_aAnkara _bTürkiye İşbirliği ve Kalkınma Ajansı (TİKA) _c1995 _fPelin Ofset |
||
| 300 |
_a64 s. _bşkl.; hrt. _c23 sm. |
||
| 440 |
_aTürkiye İşbirliği ve Kalkınma Ajansı yayınları _v14 |
||
| 651 |
_aKırgızistan _xEkonomik durum _xRaporlar |
||
| 942 |
_2ddc _cBKS |
||
| 999 |
_c10441 _d10441 |
||